[Event "WMSG Blitz Team 1st (Women)"]
[Site "Beijing"]
[Date "2008.10.13"]
[Round "3"]
[White "Kosteniuk, Alexandra"]
[Black "Madl, Ildiko"]
[Result "1-0"]
[WhiteElo "2525"]
[BlackElo "2376"]
[PlyCount "80"]
[EventDate "2008.10.13"]
[EventType "team (blitz)"]
[EventRounds "11"]
[EventCountry "CHN"]
[SourceTitle "CBM 126 Extra"]
[Source "ChessBase"]
[SourceDate "2008.11.05"]
[SourceVersion "1"]
[SourceVersionDate "2008.11.05"]
[SourceQuality "1"]

1. e4 c5 2. Nf3 d6 3. d4 cxd4 4. Nxd4 Nf6 5. Nc3 Nc6 6. Bg5 e6 7. Qd2 a6 8.
O-O-O Be7 9. f4 Nxd4 10. Qxd4 b5 11. Be2 Bb7 12. Bf3 Rc8 13. Rhe1 Rc4 14. Qd3
Qc7 15. e5 dxe5 16. Bxb7 Qxb7 17. fxe5 Nd5 18. Bxe7 Qxe7 19. Nxd5 exd5 20. Qxd5
O-O 21. e6 fxe6 22. Rxe6 Qf7 23. Re2 Qxd5 24. Rxd5 Rc6 25. Rd7 Rf1+ 26. Kd2 Rf8
27. c3 Rg6 28. g3 h6 29. Kc2 Rc8 30. Kb3 Rc4 31. Re8+ Kh7 32. Ree7 h5 33. Rd4
Rcc6 34. Re5 Rc5 35. Rxc5 Kh6 36. Re5 Rf6 37. Rf5 g5 38. Re5 Rf2 39. Rd2 Rxd2
40. Rd5 Re2 1-0

[Event "WMSG Blitz Team 1st (Women)"]
[Site "Beijing"]
[Date "2008.10.13"]
[Round "4"]
[White "Hou, Yifan"]
[Black "Kosteniuk, Alexandra"]
[Result "1/2-1/2"]
[WhiteElo "2578"]
[BlackElo "2525"]
[PlyCount "71"]
[EventDate "2008.10.13"]
[EventType "team (blitz)"]
[EventRounds "11"]
[EventCountry "CHN"]
[SourceTitle "CBM 126 Extra"]
[Source "ChessBase"]
[SourceDate "2008.11.05"]
[SourceVersion "1"]
[SourceVersionDate "2008.11.05"]
[SourceQuality "1"]

1. e4 e5 2. Nf3 Nc6 3. Bb5 a6 4. Ba4 Nf6 5. O-O Be7 6. Re1 b5 7. Bb3 O-O 8. a3
Bb7 9. d3 Re8 10. c3 h6 11. Nbd2 Bf8 12. Nf1 d5 13. exd5 Nxd5 14. Ng3 Qd7 15.
Bd2 Rad8 16. Bc2 Nf6 17. h3 Qd5 18. Qe2 Na5 19. b4 Nc6 20. Rad1 Ne7 21. Qxe5
Qc6 22. Qc5 Qd7 23. Ne5 Qc8 24. f4 Ned5 25. Qf2 c5 26. c4 cxb4 27. cxd5 Qxc2
28. axb4 Bxd5 29. Rc1 Qa2 30. Ra1 Qb2 31. Reb1 Qc2 32. Rc1 Qb2 33. Rab1 Qa2 34.
Ra1 Qb2 35. Rab1 Qa2 36. Ra1 1/2-1/2

[Event "WMSG Blitz Team 1st (Women)"]
[Site "Beijing"]
[Date "2008.10.13"]
[Round "6"]
[White "Hoang, Thi Nhu Y"]
[Black "Kosteniuk, Alexandra"]
[Result "1-0"]
[WhiteElo "2127"]
[BlackElo "2525"]
[PlyCount "40"]
[EventDate "2008.10.13"]
[EventType "team (blitz)"]
[EventRounds "11"]
[EventCountry "CHN"]
[SourceTitle "CBM 126 Extra"]
[Source "ChessBase"]
[SourceDate "2008.11.05"]
[SourceVersion "1"]
[SourceVersionDate "2008.11.05"]
[SourceQuality "1"]

1. d4 Nf6 2. Nf3 e6 3. g3 b6 4. Bg2 Bb7 5. O-O Be7 6. b3 O-O 7. Bb2 c5 8. c4 d5
9. Ne5 cxd4 10. Bxd4 Nbd7 11. Nd2 Nxe5 12. Bxe5 Qd7 13. cxd5 Bxd5 14. Bxd5 Qxd5
15. Nf3 Qe4 16. Rc1 Rac8 17. Rxc8 Rxc8 18. Bxf6 Bxf6 19. Qd7 Qc6 20. Rd1 a5 1-0

[Event "WMSG Blitz Team 1st (Women)"]
[Site "Beijing"]
[Date "2008.10.13"]
[Round "8"]
[White "Sachdev, Tania"]
[Black "Kosteniuk, Alexandra"]
[Result "0-1"]
[WhiteElo "2425"]
[BlackElo "2525"]
[PlyCount "78"]
[EventDate "2008.10.13"]
[EventType "team (blitz)"]
[EventRounds "11"]
[EventCountry "CHN"]
[SourceTitle "CBM 126 Extra"]
[Source "ChessBase"]
[SourceDate "2008.11.05"]
[SourceVersion "1"]
[SourceVersionDate "2008.11.05"]
[SourceQuality "1"]

1. d4 Nf6 2. c4 e6 3. Nf3 d5 4. Nc3 dxc4 5. Qa4+ c6 6. Qxc4 b5 7. Qd3 Bb7 8. e4
Nbd7 9. Be2 b4 10. Na4 Qa5 11. b3 c5 12. dxc5 Bxc5 13. Nxc5 Nxc5 14. Qb5+ Qxb5
15. Bxb5+ Ke7 16. e5 Nd5 17. O-O Nc3 18. Bc4 Bd5 19. Bg5+ f6 20. Be3 Rhc8 21.
exf6+ gxf6 22. Nd2 a5 23. Bxd5 Nxd5 24. Nc4 Nxe3 25. fxe3 Rc6 26. Rf4 a4 27.
Rh4 Rh8 28. bxa4 Nxa4 29. Na5 Ra6 30. Nb3 Rb8 31. Rxh7+ Kd6 32. Rd1+ Ke5 33.
Rd2 f5 34. Rc7 Rb5 35. Kf2 Nc3 36. Rc5+ Kf6 37. Rc6 Rxc6 38. Rb2 Rc4 39. Kf3
Ne4 0-1

[Event "WMSG Blitz Team 1st (Women)"]
[Site "Beijing"]
[Date "2008.10.13"]
[Round "11"]
[White "Kosteniuk, Alexandra"]
[Black "Berezina, Irina"]
[Result "1/2-1/2"]
[WhiteElo "2525"]
[BlackElo "2252"]
[PlyCount "124"]
[EventDate "2008.10.13"]
[EventType "team (blitz)"]
[EventRounds "11"]
[EventCountry "CHN"]
[SourceTitle "CBM 126 Extra"]
[Source "ChessBase"]
[SourceDate "2008.11.05"]
[SourceVersion "1"]
[SourceVersionDate "2008.11.05"]
[SourceQuality "1"]

1. e4 c6 2. d4 g6 3. f4 Bg7 4. Nf3 d5 5. e5 Bg4 6. h3 Bxf3 7. Qxf3 h5 8. Be3 h4
9. Bd3 e6 10. b3 Nh6 11. O-O Nf5 12. Bxf5 gxf5 13. Nd2 Nd7 14. Bf2 Bf8 15. Qe3
Be7 16. Nf3 Nf8 17. c4 Ng6 18. Rac1 Bf8 19. Qd2 Bh6 20. Be3 Qe7 21. cxd5 cxd5
22. Rc5 O-O 23. Rfc1 Rfd8 24. b4 Rd7 25. a4 Qd8 26. b5 Bf8 27. R5c2 Ba3 28. Ra1
Bf8 29. a5 Qe7 30. Rac1 Qd8 31. a6 bxa6 32. bxa6 Be7 33. Qd3 Bf8 34. Qb5 Bh6
35. Qb7 Kg7 36. Rc8 Rxc8 37. Qxc8 Qe7 38. Ng5 Bxg5 39. fxg5 Rd8 40. Qc7 Rd7 41.
Qc5 Qd8 42. Qc8 Qe7 43. Qc5 Qd8 44. Bd2 f4 45. Qc8 Qe7 46. Qc6 Rd8 47. Qc7 Rd7
48. Qc8 Rd8 49. Qc5 Qxg5 50. Qxa7 Qg3 51. Rc3 Qg5 52. Qc7 Ne7 53. Bxf4 Ra8 54.
Ra3 Nf5 55. Bxg5 Nxd4 56. Bxh4 Kg6 57. Bf2 Nc6 58. a7 Nxe5 59. Rb3 Nc6 60. Rb7
Nxa7 61. Bd4 Nb5 62. Kh2 Kf5 1/2-1/2

[Event "WMSG Blitz Team KO 1st (Women)"]
[Site "Beijing"]
[Date "2008.10.14"]
[Round "1.1"]
[White "Hoang, Thi Nhu Y"]
[Black "Kosteniuk, Alexandra"]
[Result "0-1"]
[WhiteElo "2127"]
[BlackElo "2525"]
[PlyCount "67"]
[EventDate "2008.10.13"]
[EventType "k.o. (blitz)"]
[EventRounds "2"]
[EventCountry "CHN"]
[SourceTitle "CBM 126 Extra"]
[Source "ChessBase"]
[SourceDate "2008.11.05"]
[SourceVersion "1"]
[SourceVersionDate "2008.11.05"]
[SourceQuality "1"]

1. d4 Nf6 2. Nf3 e6 3. g3 d5 4. Bg2 b5 5. Ne5 Bb7 6. c4 bxc4 7. Nxc4 c6 8. Ne5
Nbd7 9. Bf4 Qb6 10. Qd2 Bb4 11. Nc3 c5 12. Nxd7 Nxd7 13. e3 Ba6 14. Bf1 Rc8 15.
Bxa6 Qxa6 16. a3 O-O 17. Rc1 cxd4 18. exd4 Ba5 19. Qe2 Qb6 20. b4 Qxd4 21. Be3
Qf6 22. bxa5 Rxc3 23. O-O Rxc1 24. Rxc1 d4 25. Bd2 Ne5 26. f4 Ng6 27. Qd3 e5
28. f5 Ne7 29. g4 Nd5 30. Qe4 Qd6 31. Re1 Re8 32. Qd3 h6 33. h3 Rc8 34. Qg3 0-1

[Event "WMSG Blitz Team KO 1st (Women)"]
[Site "Beijing"]
[Date "2008.10.14"]
[Round "1.2"]
[White "Kosteniuk, Alexandra"]
[Black "Hoang, Thi Nhu Y"]
[Result "0-1"]
[WhiteElo "2525"]
[BlackElo "2127"]
[PlyCount "104"]
[EventDate "2008.10.13"]
[EventType "k.o. (blitz)"]
[EventRounds "2"]
[EventCountry "CHN"]
[SourceTitle "CBM 126 Extra"]
[Source "ChessBase"]
[SourceDate "2008.11.05"]
[SourceVersion "1"]
[SourceVersionDate "2008.11.05"]
[SourceQuality "1"]

1. e4 c6 2. d4 d5 3. e5 c5 4. dxc5 e6 5. Qg4 Nd7 6. Nf3 Qc7 7. Bb5 Qxc5 8. Nc3
a6 9. Bd3 Qb4 10. Qxb4 Bxb4 11. Bd2 Ne7 12. O-O-O Nc6 13. Rhe1 b5 14. h4 h5 15.
Kb1 Bb7 16. a3 Ba5 17. g3 O-O-O 18. b4 Bb6 19. Re2 d4 20. Ne4 Ndxe5 21. Nxe5
Nxe5 22. Bf4 Nxd3 23. cxd3 Bxe4 24. Rxe4 Kb7 25. Bc1 Rd5 26. Bb2 Rhd8 27. Rde1
Rf5 28. R1e2 Rf3 29. Kc2 Rc8+ 30. Kd2 Rd8 31. Re5 g6 32. R5e4 a5 33. Re5 Kc6
34. Kc2 Rd5 35. R5e4 a4 36. Bc1 e5 37. Bd2 Bc7 38. Re1 Rxf2 39. R4e2 Rf3 40.
Rg1 f5 41. Bg5 Rd7 42. Kd2 Kd5 43. Rc1 Bd6 44. Rg2 e4 45. dxe4+ fxe4 46. Bf4
Rxa3 47. Kd1 Bxb4 48. Rb2 Rb3 49. Rbc2 e3 50. Rc6 Rb2 51. R1c2 Rxc2 52. Kxc2 e2
0-1

[Event "WMSG Blitz Team KO 1st (Women)"]
[Site "Beijing"]
[Date "2008.10.14"]
[Round "2.1"]
[White "Kosteniuk, Alexandra"]
[Black "Hou, Yifan"]
[Result "1-0"]
[WhiteElo "2525"]
[BlackElo "2578"]
[PlyCount "83"]
[EventDate "2008.10.13"]
[EventType "k.o. (blitz)"]
[EventRounds "2"]
[EventCountry "CHN"]
[SourceTitle "CBM 126 Extra"]
[Source "ChessBase"]
[SourceDate "2008.11.05"]
[SourceVersion "1"]
[SourceVersionDate "2008.11.05"]
[SourceQuality "1"]

1. e4 e6 2. d4 d5 3. Nc3 Bb4 4. a3 Bxc3+ 5. bxc3 dxe4 6. Qg4 Nf6 7. Qxg7 Rg8 8.
Qh6 c5 9. Ne2 Nc6 10. dxc5 e5 11. Ng3 Bg4 12. Be2 Bxe2 13. Kxe2 Rg6 14. Qd2 Qc8
15. h3 Qe6 16. Kf1 Qc4+ 17. Kg1 Qxc5 18. Qe3 Qc4 19. Kh2 O-O-O 20. Re1 Rdg8 21.
Qe2 Qxc3 22. Be3 h5 23. Rab1 h4 24. Nf5 Rxg2+ 25. Kh1 Qxa3 26. Qb5 Nd8 27. Qxe5
Nd7 28. Ne7+ Qxe7 29. Qxe7 Nc6 30. Qxe4 R2g6 31. Bf4 Nc5 32. Qd5 Ne6 33. Bh2
Rf6 34. Rg1 Rd8 35. Qg2 Rd2 36. Qg8+ Rd8 37. Qg2 Rd2 38. Rbf1 Ncd4 39. Qe4 Nf3
40. Rg8+ Nd8 41. Qc4+ Rc6 42. Qg4+ 1-0

[Event "WMSG Rapid Team 1st (Women)"]
[Site "Beijing"]
[Date "2008.10.15"]
[Round "3"]
[White "Kosteniuk, Alexandra"]
[Black "Madl, Ildiko"]
[Result "1-0"]
[WhiteElo "2525"]
[BlackElo "2376"]
[PlyCount "73"]
[EventDate "2008.10.14"]
[EventType "team (rapid)"]
[EventRounds "9"]
[EventCountry "CHN"]
[SourceTitle "CBM 126 Extra"]
[Source "ChessBase"]
[SourceDate "2008.11.05"]
[SourceVersion "1"]
[SourceVersionDate "2008.11.05"]
[SourceQuality "1"]

1. e4 c5 2. Nf3 d6 3. d4 cxd4 4. Nxd4 Nf6 5. Nc3 Nc6 6. Bg5 e6 7. Qd2 a6 8.
O-O-O Bd7 9. f3 Be7 10. h4 Rc8 11. Nxc6 Bxc6 12. Ne2 Qb6 13. Nd4 Ba4 14. Be3
Qc7 15. Kb1 e5 16. Nb3 d5 17. Bd3 dxe4 18. fxe4 O-O 19. Bg5 Ng4 20. Bxe7 Qxe7
21. h5 h6 22. Rdf1 Qg5 23. Qxg5 hxg5 24. Rh3 Bd7 25. Rg3 f6 26. Na5 Rc7 27. Nc4
Be6 28. Nb6 Nh6 29. Nd5 Bxd5 30. exd5 f5 31. Rxg5 e4 32. Be2 b5 33. Rg6 Rd7 34.
c4 bxc4 35. Bxc4 Ng4 36. d6+ Kh8 37. Rxg4 1-0

[Event "WMSG Rapid Team 1st (Women)"]
[Site "Beijing"]
[Date "2008.10.15"]
[Round "6"]
[White "Zdebskaja, Natalia"]
[Black "Kosteniuk, Alexandra"]
[Result "0-1"]
[WhiteElo "2419"]
[BlackElo "2525"]
[PlyCount "78"]
[EventDate "2008.10.14"]
[EventType "team (rapid)"]
[EventRounds "9"]
[EventCountry "CHN"]
[SourceTitle "CBM 126 Extra"]
[Source "ChessBase"]
[SourceDate "2008.11.05"]
[SourceVersion "1"]
[SourceVersionDate "2008.11.05"]
[SourceQuality "1"]

1. e4 c5 2. Nf3 d6 3. d4 cxd4 4. Nxd4 Nf6 5. Nc3 a6 6. Be2 e6 7. O-O Be7 8. Be3
Qc7 9. a4 O-O 10. f4 Nc6 11. Kh1 Bd7 12. Nb3 b6 13. Qe1 Bc8 14. Qf2 Nd7 15. Bd3
Bb7 16. Rad1 Rfe8 17. e5 dxe5 18. f5 Rf8 19. fxe6 fxe6 20. Qg3 Nf6 21. Qh3 Nb4
22. Qxe6+ Kh8 23. Bxb6 Qc6 24. Qxc6 Bxc6 25. Na5 Be8 26. Rde1 Nxd3 27. cxd3 Bg6
28. Nc6 Bd6 29. Nxe5 Bxe5 30. Rxe5 Nd7 31. Rxf8+ Rxf8 32. Re6 Nxb6 33. h3 Nd7
34. Rxa6 Nc5 35. Rc6 Nxd3 36. a5 Be8 37. Rc8 Nb4 38. Rb8 Nc6 39. a6 Nxb8 0-1

[Event "WMSG Rapid Team 1st (Women)"]
[Site "Beijing"]
[Date "2008.10.16"]
[Round "8"]
[White "Harika, Dronavalli"]
[Black "Kosteniuk, Alexandra"]
[Result "0-1"]
[WhiteElo "2461"]
[BlackElo "2525"]
[PlyCount "81"]
[EventDate "2008.10.14"]
[EventType "team (rapid)"]
[EventRounds "9"]
[EventCountry "CHN"]
[SourceTitle "CBM 126 Extra"]
[Source "ChessBase"]
[SourceDate "2008.11.05"]
[SourceVersion "1"]
[SourceVersionDate "2008.11.05"]
[SourceQuality "1"]

1. d4 Nf6 2. c4 e6 3. Nf3 d5 4. Nc3 dxc4 5. e4 Bb4 6. Bg5 c5 7. Bxc4 cxd4 8.
Nxd4 Bxc3+ 9. bxc3 Qa5 10. Bb5+ Nbd7 11. Bxf6 Qxc3+ 12. Kf1 gxf6 13. h4 a6 14.
Rh3 Qb4 15. Be2 Ne5 16. Rb1 Qd6 17. h5 b5 18. Qd2 Bb7 19. f4 Rd8 20. Rd1 Nc4
21. Qc1 Bxe4 22. Nxb5 Nd2+ 23. Ke1 axb5 24. Rxd2 Qxd2+ 25. Qxd2 Rxd2 26. Kxd2
Bxg2 27. Bxb5+ Ke7 28. Rg3 Be4 29. Rc3 Kd6 30. Ke3 Bd5 31. a4 Rg8 32. a5 e5 33.
a6 Rg3+ 34. Kd2 exf4 35. Rxg3 fxg3 36. Ke1 h6 37. Bd3 Kc7 38. Kf1 Kb6 39. Be2
f5 40. Kg1 f4 41. Kf1 0-1

[Event "WMSG Rapid Team 1st (Women)"]
[Site "Beijing"]
[Date "2008.10.16"]
[Round "9"]
[White "Kosteniuk, Alexandra"]
[Black "Pourkashiyan, Atousa"]
[Result "1-0"]
[WhiteElo "2525"]
[BlackElo "2241"]
[PlyCount "141"]
[EventDate "2008.10.14"]
[EventType "team (rapid)"]
[EventRounds "9"]
[EventCountry "CHN"]
[SourceTitle "CBM 126 Extra"]
[Source "ChessBase"]
[SourceDate "2008.11.05"]
[SourceVersion "1"]
[SourceVersionDate "2008.11.05"]
[SourceQuality "1"]

1. e4 e5 2. Nf3 Nf6 3. d4 Nxe4 4. Bd3 d5 5. dxe5 Be7 6. O-O O-O 7. c4 Nc6 8.
Bc2 Nb4 9. cxd5 Nxc2 10. Qxc2 Qxd5 11. Rd1 Qc6 12. Qxc6 bxc6 13. Be3 Be6 14.
Nd4 Rfd8 15. Rc1 Bd5 16. Nf5 Bg5 17. f3 Bxe3+ 18. Nxe3 Ng5 19. Nc3 Ne6 20. Rd1
Rab8 21. b3 Nf4 22. g3 Ng6 23. Ncxd5 cxd5 24. f4 c6 25. Rac1 Ne7 26. Rd4 g6 27.
g4 Rb5 28. f5 c5 29. Rd3 d4 30. Nc4 Nc6 31. Re1 Rb7 32. f6 Rbd7 33. a3 Re8 34.
Rf3 Rd5 35. Rf4 d3 36. Rfe4 h6 37. Kf2 Nd4 38. b4 cxb4 39. axb4 Nc2 40. Rb1 d2
41. Rd1 Nxb4 42. Rxd2 Rxd2+ 43. Nxd2 Nd3+ 44. Ke2 Nc5 45. Re3 a5 46. Nc4 a4 47.
h4 g5 48. hxg5 hxg5 49. Nd6 Rb8 50. Rc3 Rb2+ 51. Kd1 Ne6 52. Rc8+ Kh7 53. Ra8
Rb4 54. Nxf7 Rxg4 55. Ra7 Kg6 56. Nd6 Rd4+ 57. Kc2 Rd5 58. Nc4 Rc5 59. Kc3 g4
60. Rxa4 g3 61. Ra2 Nf4 62. Kd4 Rxc4+ 63. Kxc4 g2 64. Ra1 Ne2 65. Kd5 Kf7 66.
Kd6 g1=Q 67. Rxg1 Nxg1 68. e6+ Ke8 69. f7+ Kf8 70. e7+ Kxf7 71. Kd7 1-0

[Event "WMSG Rapid Team KO 1st (Women)"]
[Site "Beijing"]
[Date "2008.10.17"]
[Round "1.2"]
[White "Kosteniuk, Alexandra"]
[Black "Vasilevich, Tatjana"]
[Result "1-0"]
[WhiteElo "2525"]
[BlackElo "2368"]
[PlyCount "89"]
[EventDate "2008.10.14"]
[EventType "k.o. (rapid)"]
[EventRounds "2"]
[EventCountry "CHN"]
[SourceTitle "CBM 126 Extra"]
[Source "ChessBase"]
[SourceDate "2008.11.05"]
[SourceVersion "1"]
[SourceVersionDate "2008.11.05"]
[SourceQuality "1"]

1. e4 c5 2. Nf3 a6 3. Nc3 e6 4. d4 cxd4 5. Nxd4 Qc7 6. Bd3 Nc6 7. Nxc6 dxc6 8.
O-O e5 9. f4 Bc5+ 10. Kh1 Nf6 11. f5 h5 12. Qf3 Ng4 13. Bg5 f6 14. Bh4 Bd7 15.
Na4 Ba7 16. b4 O-O-O 17. h3 g5 18. fxg6 Rdg8 19. Nc5 Bxc5 20. bxc5 Rxg6 21.
Rab1 Qa5 22. Rb6 Kc7 23. Rfb1 Bc8 24. g3 Qxc5 25. hxg4 hxg4 26. Qe2 Qxb6 27.
Rxb6 Kxb6 28. Qf2+ Kc7 29. Kg2 Rf8 30. Qc5 Re8 31. Bc4 Rh6 32. Qe3 Reh8 33. Qa7
f5 34. exf5 Bxf5 35. Bxa6 Be4+ 36. Kg1 Rb8 37. Bd3 Bxd3 38. cxd3 Rd6 39. Qa5+
Kd7 40. Qxe5 Re8 41. Qg7+ Kc8 42. Qxg4+ Kc7 43. Qf4 Ree6 44. d4 Kb6 45. Be7 1-0

[Event "WMSG Rapid Team KO 1st (Women)"]
[Site "Beijing"]
[Date "2008.10.17"]
[Round "2.1"]
[White "Hoang, Thi Bao Tram"]
[Black "Kosteniuk, Alexandra"]
[Result "1-0"]
[WhiteElo "2250"]
[BlackElo "2525"]
[PlyCount "31"]
[EventDate "2008.10.14"]
[EventType "k.o. (rapid)"]
[EventRounds "2"]
[EventCountry "CHN"]
[SourceTitle "CBM 126 Extra"]
[Source "ChessBase"]
[SourceDate "2008.11.05"]
[SourceVersion "1"]
[SourceVersionDate "2008.11.05"]
[SourceQuality "1"]

1. d4 Nf6 2. c4 e6 3. Nc3 Bb4 4. Nf3 c5 5. e3 O-O 6. Bd3 d5 7. O-O dxc4 8. Bxc4
Nbd7 9. a3 Bxc3 10. bxc3 b6 11. Be2 Bb7 12. Bb2 Ne4 13. a4 f5 14. Qb3 Qe7 15.
Rfd1 Rf6 16. d5 1-0

[Event "WMSG Rapid Team KO 1st (Women)"]
[Site "Beijing"]
[Date "2008.10.17"]
[Round "2.2"]
[White "Kosteniuk, Alexandra"]
[Black "Hoang, Thi Bao Tram"]
[Result "1/2-1/2"]
[WhiteElo "2525"]
[BlackElo "2250"]
[PlyCount "177"]
[EventDate "2008.10.14"]
[EventType "k.o. (rapid)"]
[EventRounds "2"]
[EventCountry "CHN"]
[SourceTitle "CBM 126 Extra"]
[Source "ChessBase"]
[SourceDate "2008.11.05"]
[SourceVersion "1"]
[SourceVersionDate "2008.11.05"]
[SourceQuality "1"]

1. e4 e5 2. Nf3 Nf6 3. d4 Nxe4 4. Bd3 d5 5. dxe5 Nc5 6. Be2 Be7 7. O-O O-O 8.
Be3 Ne4 9. Bd3 Nc6 10. h3 Bf5 11. Nc3 Bg6 12. Ne2 Bh5 13. g4 Bg6 14. Nf4 Re8
15. Bb5 Ng5 16. Nxg6 Nxf3+ 17. Qxf3 hxg6 18. Rad1 Nxe5 19. Qg3 Bh4 20. Qg2 c6
21. Be2 Qc8 22. g5 f6 23. c4 Nxc4 24. Bxc4 dxc4 25. Rd4 Bxg5 26. Bxg5 fxg5 27.
Rxc4 Qf5 28. Rg4 Re5 29. f4 gxf4 30. Rxg6 Re7 31. Rg5 Qf6 32. Kh1 Rf8 33. Rg6
Qd4 34. Rg4 Qe5 35. Rf3 Rff7 36. Kh2 Qe2 37. Rf2 f3 38. Qg3 Qe5 39. b3 Qf6 40.
Qb8+ Rf8 41. Qxa7 Re2 42. Qc5 Rfe8 43. Qc4+ R8e6 44. Kg3 Rxf2 45. Kxf2 Qb2+ 46.
Kxf3 Qf6+ 47. Rf4 Qh6 48. h4 Qh5+ 49. Kg3 Qg6+ 50. Rg4 Qf5 51. Rf4 Qe5 52. Kf3
Qe3+ 53. Kg2 Kh7 54. Qc2+ Kh6 55. Rg4 Qe2+ 56. Qxe2 Rxe2+ 57. Kf3 Rxa2 58. Rb4
b5 59. Re4 Rc2 60. Kg4 g6 61. Re6 Rc5 62. Rd6 Kg7 63. Rd7+ Kf6 64. Rd6+ Kf7 65.
b4 Rc4+ 66. Kg5 Rc1 67. Rf6+ Ke7 68. Rxg6 Rg1+ 69. Kf5 Rh1 70. Rh6 Kd7 71. h5
Rh4 72. Rh7+ Kd6 73. h6 Rxb4 74. Kg5 Rb1 75. Rh8 Rg1+ 76. Kf6 Rf1+ 77. Kg7 Rg1+
78. Kf6 Rh1 79. h7 Kc5 80. Kg6 b4 81. Rb8 Kc4 82. h8=Q Rxh8 83. Rxh8 b3 84. Rb8
Kc3 85. Kf5 c5 86. Ke5 c4 87. Kd5 b2 88. Rxb2 Kxb2 89. Kxc4 1/2-1/2

[Event "Olympiad Women-38"]
[Site "Dresden"]
[Date "2008.11.13"]
[Round "1"]
[White "Kosteniuk, Alexandra"]
[Black "Mamedjarova, Zeinab"]
[Result "1-0"]
[WhiteElo "2525"]
[BlackElo "2351"]
[PlyCount "45"]
[EventDate "2008.11.13"]
[EventType "team-swiss"]
[EventRounds "11"]
[EventCountry "GER"]
[SourceTitle "CBM 128"]
[Source "ChessBase"]
[SourceDate "2009.01.28"]
[SourceVersion "1"]
[SourceVersionDate "2009.01.28"]
[SourceQuality "1"]
[WhiteTeam "Russia (W)"]
[BlackTeam "Azerbaijan (W)"]
[WhiteTeamCountry "RUS"]
[BlackTeamCountry "AZE"]

1. e4 e5 2. Nf3 Nc6 3. Bb5 a6 4. Ba4 Nf6 5. O-O Nxe4 6. d4 b5 7. Bb3 d5 8. dxe5
Be6 9. Be3 Be7 10. Nbd2 O-O 11. c3 Qd7 12. h3 Rad8 13. Bc2 f5 14. exf6 Nxf6 15.
a4 Bxh3 16. gxh3 Qxh3 17. Ng5 Qh4 18. Bf5 Bd6 19. Ndf3 Qh5 20. Kg2 h6 21. Rh1
Qe8 22. Ne6 Ne7 23. Nxg7 1-0

[Event "Olympiad Women-38"]
[Site "Dresden"]
[Date "2008.11.14"]
[Round "2"]
[White "Muzychuk, Anna"]
[Black "Kosteniuk, Alexandra"]
[Result "1/2-1/2"]
[WhiteElo "2508"]
[BlackElo "2525"]
[PlyCount "39"]
[EventDate "2008.11.13"]
[EventType "team-swiss"]
[EventRounds "11"]
[EventCountry "GER"]
[SourceTitle "CBM 128"]
[Source "ChessBase"]
[SourceDate "2009.01.28"]
[SourceVersion "1"]
[SourceVersionDate "2009.01.28"]
[SourceQuality "1"]
[WhiteTeam "Slovenia (W)"]
[BlackTeam "Russia (W)"]
[WhiteTeamCountry "SLO"]
[BlackTeamCountry "RUS"]

1. e4 e5 2. Nf3 Nc6 3. d4 exd4 4. Nxd4 Bc5 5. Nxc6 bxc6 6. Bd3 Qh4 7. Qf3 d6 8.
Qf4 Qe7 9. Be3 Bxe3 10. Qxe3 Nf6 11. Nd2 O-O 12. O-O c5 13. h3 Bb7 14. Rae1
Rae8 15. Qg3 Nh5 16. Qg4 Nf6 17. Qg3 Nh5 18. Qg4 Nf6 19. Qg3 Nh5 20. Qg4
1/2-1/2

[Event "Olympiad Women-38"]
[Site "Dresden"]
[Date "2008.11.20"]
[Round "7"]
[White "Kosteniuk, Alexandra"]
[Black "Socko, Monika"]
[Result "1/2-1/2"]
[WhiteElo "2525"]
[BlackElo "2434"]
[PlyCount "72"]
[EventDate "2008.11.13"]
[EventType "team-swiss"]
[EventRounds "11"]
[EventCountry "GER"]
[SourceTitle "CBM 128"]
[Source "ChessBase"]
[SourceDate "2009.01.28"]
[SourceVersion "1"]
[SourceVersionDate "2009.01.28"]
[SourceQuality "1"]
[WhiteTeam "Russia (W)"]
[BlackTeam "Poland (W)"]
[WhiteTeamCountry "RUS"]
[BlackTeamCountry "POL"]

1. e4 e5 2. Nf3 Nf6 3. d4 Nxe4 4. Bd3 d5 5. Nxe5 Nd7 6. Nxd7 Bxd7 7. O-O Bd6 8.
Nc3 Nxc3 9. bxc3 Qh4 10. g3 Qh3 11. Re1+ Be6 12. Bf1 Qf5 13. Bd3 Qh3 14. Bf1
Qf5 15. Rb1 O-O-O 16. Qe2 c6 17. Rxb7 Kxb7 18. Qa6+ Kb8 19. Bg5 Qxc2 20. Bxd8
Rxd8 21. Bd3 Bc8 22. Qa5 Qxd3 23. Qxd8 Bc7 24. Qf8 Kb7 25. Qxf7 Bh3 26. Qe7 Bf5
27. Qb4+ Qb5 28. Qf8 g6 29. h3 Be4 30. Kh2 Qb2 31. c4 Qxd4 32. Re3 dxc4 33.
Qb4+ Kc8 34. Qf8+ Kb7 35. Qb4+ Kc8 36. Qf8+ Kb7 1/2-1/2

[Event "Olympiad Women-38"]
[Site "Dresden"]
[Date "2008.11.23"]
[Round "10"]
[White "Kosteniuk, Alexandra"]
[Black "Hoang, Thanh Trang"]
[Result "1/2-1/2"]
[WhiteElo "2525"]
[BlackElo "2483"]
[PlyCount "109"]
[EventDate "2008.11.13"]
[EventType "team-swiss"]
[EventRounds "11"]
[EventCountry "GER"]
[SourceTitle "CBM 128"]
[Source "ChessBase"]
[SourceDate "2009.01.28"]
[SourceVersion "1"]
[SourceVersionDate "2009.01.28"]
[SourceQuality "1"]
[WhiteTeam "Russia (W)"]
[BlackTeam "Hungary (W)"]
[WhiteTeamCountry "RUS"]
[BlackTeamCountry "HUN"]

1. e4 e6 2. d4 d5 3. Nc3 Bb4 4. a3 Bxc3+ 5. bxc3 dxe4 6. Qg4 Nf6 7. Qxg7 Rg8 8.
Qh6 Rg6 9. Qe3 Nc6 10. Ne2 Ne7 11. Ng3 Ned5 12. Qd2 b6 13. Bb5+ Bd7 14. Be2 Bc6
15. Bb2 b5 16. c4 bxc4 17. Bxc4 h5 18. Bxd5 Qxd5 19. Nf1 Rb8 20. Ne3 Qb5 21.
Bc1 Ng4 22. c4 Qb3 23. O-O Nxe3 24. fxe3 Qxc4 25. Qf2 f5 26. d5 Bxd5 27. Bb2
Qb5 28. Bd4 c5 29. Be5 Rb7 30. Qc2 Bb3 31. Qc3 Rd7 32. Bf4 Kf7 33. Rf2 Rg8 34.
h4 Qc4 35. Qb2 Rd3 36. Qe5 Qd5 37. Qc7+ Qd7 38. Qxc5 Rc8 39. Qe5 Qd5 40. Qb2
Qc4 41. Be5 Rxe3 42. Qd2 Qd3 43. Qa5 Qd7 44. Bb2 Rg3 45. Qe5 Rcg8 46. Rc1 e3
47. Re2 Bc4 48. Rxc4 Qd1+ 49. Kh2 Rxg2+ 50. Rxg2 Rxg2+ 51. Kxg2 Qe2+ 52. Kg1
Qf2+ 53. Kh1 Qf1+ 54. Kh2 Qf2+ 55. Kh1 1/2-1/2

[Event "US op 110th"]
[Site "Indianapolis"]
[Date "2009.08.06"]
[Round "6"]
[White "Kosteniuk, Alexandra"]
[Black "Barclay, Kayin"]
[Result "1-0"]
[WhiteElo "2516"]
[BlackElo "2220"]
[PlyCount "43"]
[EventDate "2009.08.01"]
[EventType "swiss"]
[EventRounds "9"]
[EventCountry "USA"]
[SourceTitle "CBM 131 Extra"]
[Source "ChessBase"]
[SourceDate "2009.09.03"]
[SourceVersion "2"]
[SourceVersionDate "2009.09.16"]
[SourceQuality "1"]

1. e4 e5 2. Nf3 d6 3. d4 exd4 4. Nxd4 Nf6 5. Nc3 Be7 6. Be2 Nc6 7. Nxc6 bxc6 8.
Bf3 Nd7 9. g3 Rb8 10. O-O Ne5 11. Bg2 h5 12. f4 Bg4 13. Qe1 Nc4 14. b3 Nb6 15.
f5 h4 16. h3 hxg3 17. hxg4 Bf6 18. g5 Be5 19. Bf4 Bd4+ 20. Be3 c5 21. Bxd4 cxd4
22. Ne2 1-0